| 000 | 00537nam a22002057a 4500 | ||
|---|---|---|---|
| 005 | 20220519112334.0 | ||
| 008 | 220519b ||||| |||| 00| 0 eng d | ||
| 020 | _a8124104514 | ||
| 040 | _cAL | ||
| 041 | _aEnglish | ||
| 082 |
_223 _a378 _bJOHV |
||
| 100 |
_aGeorge John _937918 |
||
| 245 | _aV V John Omnibus | ||
| 260 |
_aNew Delhi _bHar Anand Publications Pvt Ltd _c1998 |
||
| 300 |
_a688 p. _bHB _c22x14 cm. |
||
| 365 |
_c₹ _d₹600.00 |
||
| 650 |
_aJohn Omnibus _937919 |
||
| 700 |
_aJOHN (George) _937920 |
||
| 942 |
_2ddc _cGF |
||
| 999 |
_c222998 _d222998 |
||